000 00664nam a2200181 i 4500
001 188324
003 ES-MaACL
005 20250708063344.0
008 180807s1882 fr |||| | fre d
080 _a821.133.1-31"18"
100 0 _aVigny, Alfred de,
_d1797-1863
_9114659
245 1 3 _aLa vie et la mort du capitaine Renaud ou La canne de jonc
_b: souvenirs de grandeur militaire /
_cpar le comte Alfred de Vigny.
250 _aNouvelle éd.
260 _aParis :
_bCalmann Lévy,
_c1882.
300 _a310 p. ;
_c19 cm.
852 _aES-MaACL
_jL-32225
_z. - Donat. herederos de la bibl. de Mª del Pilar Costa Palacín
999 _c188324
_d188324